Institutional Support for Sustainable Development Financing in the Light of the Multistakeholder Approach

Účelom článku je klasifikovať inštitúcie financujúce iniciatívy trvalo udržateľného rozvoja a študovať ich skúsenosti na európskej a národnej úrovni. Ako zmysluplný metodologický základ pre klasifikáciu viacúrovňového systému inštitúcií, financujúcich iniciatívy trvalo udržateľného rozvoja, sa použí...

Ausführliche Beschreibung

Gespeichert in:
Bibliographische Detailangaben
1. Verfasser: Makarenko, Inna
Weitere Verfasser: Serpeninova, Yuliia, 1984-, Pogorila, Kateryna
Format: Buchkapitel
Sprache:Ukrainisch
Schlagworte:
Tags: Tag hinzufügen
Keine Tags, Fügen Sie das erste Tag hinzu!

MARC

LEADER 00000naa a2200000 4500
001 0291604
005 20230315130946.8
041 0 |a ukr 
044 |a UA 
245 1 0 |a Institutional Support for Sustainable Development Financing in the Light of the Multistakeholder Approach  |c Inna Makarenko, Yuliia Serpeninova, Kateryna Pogorila 
520 |a Účelom článku je klasifikovať inštitúcie financujúce iniciatívy trvalo udržateľného rozvoja a študovať ich skúsenosti na európskej a národnej úrovni. Ako zmysluplný metodologický základ pre klasifikáciu viacúrovňového systému inštitúcií, financujúcich iniciatívy trvalo udržateľného rozvoja, sa používa multistakeholderský prístup a ako technický nástroj – metóda typológie. Aplikácia týchto metód spolu s komparatívnou analýzou umožnila zovšeobecniť skúsenosti s organizovaním inštitucionálnej podpory pre financovanie iniciatív trvalo udržateľného rozvoja na európskej a národnej úrovni. 
610 2 0 |a rozvoj trvalo udržateľný 
610 2 0 |a financovanie investícií 
610 2 0 |a podpora inovácií 
610 2 0 |a regulácia štátna 
100 1 |a Makarenko, Inna 
700 1 |a Serpeninova, Yuliia, 1984- 
700 1 |a Pogorila, Kateryna